Neural Networks In Computer Intelligence (Record no. 293698)

MARC details
000 -LEADER
fixed length control field 00453nam a2200169Ia 4500
008 - FIXED-LENGTH DATA ELEMENTS--GENERAL INFORMATION
fixed length control field 230718s9999 xx 000 0 und d
041 ## - LANGUAGE CODE
Language code of text/sound track or separate title eng
082 ## - DEWEY DECIMAL CLASSIFICATION NUMBER
Classification number 006.32
Item number FU
100 ## - MAIN ENTRY--PERSONAL NAME
Personal name Fu Limin
9 (RLIN) 155225
245 ## - TITLE STATEMENT
Title Neural Networks In Computer Intelligence
260 ## - PUBLICATION, DISTRIBUTION, ETC. (IMPRINT)
Date of publication, distribution, etc. 1994
Name of publisher, distributor, etc. Microsoft Press
300 ## - PHYSICAL DESCRIPTION
Extent 460
Accompanying material [OBSOLETE, CAN/MARC] Ref 138 C (4803)
365 ## - TRADE PRICE
Currency code Rs.
Price amount 478.40
500 ## - GENERAL NOTE
Keywords 138 C
700 ## - ADDED ENTRY--PERSONAL NAME
Personal name Fu Limin
9 (RLIN) 155225
906 ## - LOCAL DATA ELEMENT F, LDF (RLIN)
d B:369011-Apr-1995
c COMP
b 71.76
Holdings
Withdrawn status Lost status Source of classification or shelving scheme Reference No Damaged status Not for loan Home library Current library Date acquired Vendor Budget Code Cost, normal purchase price Bill number Full call number Barcode Date last seen Discount Cost, replacement price Bill Date Koha item type Original Barcode
    Dewey Decimal Classification Ref 138 C (4803)   Reference Cummins College of Engineering for Women Pune Cummins College of Engineering for Women Pune 22/04/1995 Technical Book Services COMP 406.64 3690 006.32 CCEP-BK-4803 18/07/2023 71.76 478.40 11/04/1995 Books 004803